00991aab a2200181 i 4500001001000000003001000010005001700020008004100037040001900078041000800097245014100105300006900246520033100315650002900646773010900675942000800784999001700792768714001CO-MdFUSB20240422105033.0240411t1985 ag ||||| |||| 00| 0 spa d bspacCO-MdFUSB aspa aMensaje del Comité Menonita Internacional para la Paz; Conferencia Menonita Mundial, XI Asamblea Estrasburgo, 24 a 29 de julio de 1984 aVolumen 4, número 3 (septiembre, 1985), página: 103c; 27 cm aEsta es una declaración breve del Comité para la Paz vinculada a la Conferencia Menonita Mundial, deciden compartir su análisis e ideas, buscando opinión. Este documento es una fuente de información y orientación para futuras investigaciones y acciones, sobre la vocación evangelizadora y ética de la iglesia. 7aTeología pastoral92270 tIglesia y Misión049402959687gVolumen 4, número 3 (septiembre, 1985), página: 103qpágina: 103 cANA c51612d51612